000
00329nam a2200145Ia 4500
008
230917s9999||||xx |||||||||||||| ||und||
040
_e
136013
_a
MAIN
041
_a
English
082
_a
330.9 J981E
100
_a
Jursawala
245
0
_a
Economics of development
260
_a
Calcutta
_c
1969
300
_a
158 p.
942
_c
BK
999
_c
46361
_d
46361